| 000 | 01603nam a2200361Ia 4500 | ||
|---|---|---|---|
| 001 | ebr10608189 | ||
| 003 | CaPaEBR | ||
| 006 | m u | ||
| 007 | cr cn||||||||| | ||
| 008 | 120528s2012 njua sb 101 0 eng d | ||
| 020 | _z9781118273364 (hbk.) | ||
| 020 | _z1118273362 (hbk.) | ||
| 020 | _z9781118491836 | ||
| 040 |
_aCaPaEBR _cCaPaEBR |
||
| 035 | _a(OCoLC)813398342 | ||
| 050 | 1 | 4 |
_aTA418.9.C6 _bP73515 2012eb |
| 245 | 0 | 0 |
_aProcessing and properties of advanced ceramics and composites IV _h[electronic resource] / _cedited by J.P. Singh ... [et al.]. |
| 260 |
_aHoboken, N.J. : _bWiley : _bAmerican Ceramic Society, _cc2012. |
||
| 300 |
_aix, 326 p. : _bill. |
||
| 490 | 0 |
_aCeramic transactions ; _vv. 234 |
|
| 500 | _aSelected conference papers. | ||
| 500 | _a" ... Materials Science & Technology 2011 Conference & Exhibition (MS&T'11), Columbus, OH, October 16-20, 2011"-- Pref. | ||
| 504 | _aIncludes bibliographical references and index. | ||
| 533 |
_aElectronic reproduction. _bPalo Alto, Calif. : _cebrary, _d2011. _nAvailable via World Wide Web. _nAccess may be limited to ebrary affiliated libraries. |
||
| 650 | 0 |
_aComposite materials _vCongresses. |
|
| 650 | 0 |
_aCeramic materials _vCongresses. |
|
| 655 | 7 |
_aElectronic books. _2local |
|
| 700 | 1 |
_aSingh, Jitendra Prasad, _d1946- |
|
| 710 | 2 | _aAmerican Ceramic Society. | |
| 710 | 2 | _aebrary, Inc. | |
| 711 | 2 |
_aMaterials Science & Technology Conference _d(2011 : _cColumbus, Ohio) |
|
| 856 | 4 | 0 |
_uhttp://site.ebrary.com/lib/rucke/Doc?id=10608189 _zAn electronic book accessible through the World Wide Web; click to view |
| 999 |
_c97802 _d97802 |
||